000 00978nam a22002417a 4500
005 20210617124620.0
008 210319b ag ||||| |||| 00| 0 spa d
020 _a9508942606
050 0 4 _aKKT1595
_bR63 2000
100 1 _aRodríguez, Esteban
245 1 0 _aJusticia mediática
_b: la administración de justicia en loa medios masivos de comunicación. Las formas del espectáculo
_c/ Esteban Rodríguez ; presentación por Jorge Salomoni ; prólogo por Horacio González.
250 _a1a ed.
260 _aBuenos Aires, Argentina :
_bAd-Hoc S.R.L. :
_bVillela Editor,
_c2000
300 _a510 p. ;
_c23 cm.
490 0 _aColección de derecho público
504 _aIncluye bibliografía : p. 507-510
650 7 _2lemb
_aPeriodismo
_zEspaña
650 7 _2lemb
_aMedios de comunicación de masas
_zEspaña
650 7 _2lemb
_aJurisdicción penal
_zEspaña
700 1 _aSalomoni, Jorge
_epresentador
700 1 _aGonzález, Horacio
_eprologuista
942 _2lcc
_cLIB
999 _c155344
_d155342